Przemiany narodowościowe na Litwie /

Saved in:
நூற்பட்டியல் விவரங்கள்
தலைமை எழுத்தாளர்: Eberhardt, Piotr.
வடிவம்: புத்தகம்
மொழி:Polish
வெளியீடப்பட்டது: Warszawa : Przegląd Wschodni, 1997.
பகுதிகள்:
குறியீடுகள்: குறிச்சொல் இணை
குறியீடுகள் இல்லை, இந்த குறிச்சொல்லை முதலில் பதிவு செய்யுங்கள்!
LEADER 01019nam a2200313Ia 4500
001 007764659-2
005 20020606104010.5
008 980331s1997 pl b b 001 0 pol d
020 |a 8390901307 
035 0 |a ocm38870582 
040 |a PIT  |c PIT  |d HLS 
041 0 |a pol  |b englit  |f englit 
043 |a e-ur-li 
050 0 4 |a DK505.33  |b .E23 1997 
090 |a DK505.33  |b E24 1997 
100 1 |a Eberhardt, Piotr. 
245 1 0 |a Przemiany narodowościowe na Litwie /  |c Piotr Eberhardt. 
260 |a Warszawa :  |b Przegląd Wschodni,  |c 1997. 
300 |a 307 p. :  |b maps ;  |c 23 cm. 
504 |a Includes bibliographical references (p. 265-272) and index. 
546 |a Summary and table of contents in English and Lithuanian. 
650 0 |a Ethnology  |z Lithuania. 
650 0 |a Ethnology  |z Lithuania  |x Statistics. 
650 0 |a Minorities  |z Lithuania. 
650 0 |a Minorities  |z Lithuania  |x Statistics. 
651 0 |a Lithuania  |x Population  |x Statistics. 
651 0 |a Lithuania  |x Ethnic relations. 
988 |a 20020608 
906 |0 OCLC